K ŠESŤDESIATINÁM DR. INŽ. VSEVOLODA ČECHOVIČA

Bibliographic Details
Main Author: Seneš, Ján, 1924-1992 (Author)
Format: Article
Language:Slovak

MARC

LEADER 00000nab a2200000ua 4500
001 vtls010841688
003 SK-MaSNL
005 20260303135840.0
008 230218s1960 xo |||||||||||||||||slo|
035 |a (urnnbn)urn:nbn:sk:snk:ar-a06ynl 
035 |a urn:nbn:sk:snk-ab646j 
035 |a (uuid)59a57bb0-711e-4713-9a71-be5c865b9f3e 
040 |a SNKBUCL  |b slo  |c SNKBUCL  |e AACR2 
041 0 |a slo 
044 |a xo  |c SK 
100 1 |a Seneš, Ján,  |d 1924-1992  |4 aut  |9 177362 
245 1 0 |a K ŠESŤDESIATINÁM DR. INŽ. VSEVOLODA ČECHOVIČA  |c Ján Seneš 
773 0 |t Geologický sborník  |g Roč. 11, č. 1 (1960), s. 29-[152e] 
954 |a odborná, vedecká literatúra pôvodná (slovenská)  |2 lita 
958 |a OND 
958 |a EUIPO 
958 |a article5 
999 |c 1968334  |d 1970264